Central Library OPAC University of Rajshahi

The economics of natural resource use / (Record no. 8742)

MARC details
000 -LEADER
fixed length control field 00928cam a2200301 a 4500
001 - CONTROL NUMBER
control field 8742
003 - CONTROL NUMBER IDENTIFIER
rucl marc code BD-RjUL
005 - DATE AND TIME OF LATEST TRANSACTION
control field 20211208234636.0
008 - FIXED-LENGTH DATA ELEMENTS--GENERAL INFORMATION
fixed length control field 140119s1998 maua b 001 0 eng
020 ## - INTERNATIONAL STANDARD BOOK NUMBER
International Standard Book Number 0321014286
035 ## - SYSTEM CONTROL NUMBER
System control number (BD-RjUL)8787
040 ## - CATALOGING SOURCE
Original cataloging agency DLC
Transcribing agency DLC
Modifying agency DLC
-- BD-RjUL
Language of cataloging eng
041 ## - LANGUAGE CODE
Language code of text/sound track or separate title eng
082 00 - DEWEY DECIMAL CLASSIFICATION NUMBER
Classification number 333.713
Edition number 21
Author mark and year HAE 1998
100 1# - MAIN ENTRY--PERSONAL NAME
Personal name Hartwick, John M.
9 (RLIN) 27197
245 14 - TITLE STATEMENT
Title The economics of natural resource use /
Statement of responsibility, etc. John M. Hartwick, Nancy D. Olewiler.
250 ## - EDITION STATEMENT
Edition statement 2nd ed.
260 ## - PUBLICATION, DISTRIBUTION, ETC. (IMPRINT)
Place of publication, distribution, etc. Reading, Mass. :
Name of publisher, distributor, etc. Addison-Wesley,
Date of publication, distribution, etc. c1998.
300 ## - PHYSICAL DESCRIPTION
Pagination xv, 432 p. :
Illustrations ill. ;
Size 23 cm.
504 ## - BIBLIOGRAPHY, ETC. NOTE
Bibliography, etc Includes bibliographical references and index.
650 #0 - SUBJECT ADDED ENTRY--TOPICAL TERM
Topical term or geographic name as entry element Natural resources.
9 (RLIN) 27199
Topical term or geographic name as entry element Environmental policy.
9 (RLIN) 27200
700 1# - ADDED ENTRY--PERSONAL NAME
Personal name Olewiler, Nancy D.
942 ## - ADDED ENTRY ELEMENTS (KOHA)
Source of classification or shelving scheme Dewey Decimal Classification
Koha item type Books
Holdings
Lost status Source of classification or shelving scheme Damaged status Not for loan Collection code Permanent Location Current Location Shelving location Date acquired Source of acquisition Cost, normal purchase price Total Checkouts Full call number Date last seen Copy number Koha item type
  Dewey Decimal Classification     Non-fiction Central Library, University of Rajshahi Central Library, University of Rajshahi   04/10/2005 Dhaka Paragon Enterprise Ltd. 101.00   333.713 HAE 1998 19/01/2014 C-2 Books
  Dewey Decimal Classification   Not For Loan Non-fiction Central Library, University of Rajshahi Central Library, University of Rajshahi Reading Room 04/10/2005 Paragon Enterprises Dhaka 101.00   333.713 HAE 1998 19/12/2016 C-1 Books